Essays on Islam and Indian history (Record no. 9484)

MARC details
000 -LEADER
fixed length control field 00403nam a2200157Ia 4500
008 - FIXED-LENGTH DATA ELEMENTS--GENERAL INFORMATION
fixed length control field 230917s9999||||xx |||||||||||||| ||und||
020 ## - ISBN
Price Rs. 275.00
040 ## - CATALOGING SOURCE
-- 5004873
Original cataloging agency VIVEKANANDA LIBRARY
041 ## - Language
-- English
082 ## - DDC NUMBER
Classification number 297.0954 E85E
100 ## - MAIN ENTRY--PERSONAL NAME
Personal name Eaton, Richard M
245 #0 - TITLE STATEMENT
Title Essays on Islam and Indian history
260 ## - PUBLICATION, DISTRIBUTION, ETC. (IMPRINT)
Place of publication, distribution, etc New Delhi
Name of publisher, distributor, etc Oxford University Press
Date of publication, distribution, etc 2002
300 ## - PHYSICAL DESCRIPTION
Pages x, 275 p.
942 ## - ADDED ENTRY ELEMENTS (KOHA)
Koha item type Books
Holdings
Withdrawn status Lost status Damaged status Not for loan Location (home branch) Sublocation or collection (holding branch) Date acquired Koha issues (times borrowed) Koha full call number Accession No. Koha date last seen Koha item type
        VIVEKANANDA LIBRARY VIVEKANANDA LIBRARY 17/05/2023   297.0954 E85E 313842 17/09/2023 Books
© Designed and Maintained by Vivekananda Library, MDU Rohtak